| 000 | 00837nam a2200253Ia 4500 | ||
|---|---|---|---|
| 003 | OSt | ||
| 005 | 20221005110432.0 | ||
| 006 | a|||||r|||| 00| 0 | ||
| 007 | ta | ||
| 008 | 221004b |||||||| |||| 00| 0 hin d | ||
| 020 |
_a8170164079 (hbk) _c200 |
||
| 024 | _a105794 | ||
| 037 |
_b12961, 19/03/2011, Kitab Ghar _cTextual |
||
| 040 |
_aCRL _cCRL _bhin |
||
| 041 |
_2hin _ahin |
||
| 082 | _aO152,3N319,7, N8 | ||
| 100 | _aअभिमन्यु अनत | ||
| 245 | 0 | _aचलती रहो अनुपमा | |
| 246 | _aChalatī raho anupamā | ||
| 260 |
_aनई दिल्ली _bकिताबघर भारत _c1998 |
||
| 300 |
_a339पृ0 _ccm. |
||
| 942 |
_hO152,3N319,7, N8 _cTEXL _2cc |
||
| 999 |
_c1018800 _d1018800 |
||